[Event "Vers La Maitrise"]
[Site "Montreal CAN"]
[Date "1997.01.30"]
[Round "3"]
[White "Plante, Michel"]
[Black "Douville, Martin"]
[Result "1-0"]
[WhiteElo "1880"]
[BlackElo "1855"]
[PlyCount "50"]
[GameId "2160767911999455"]
[EventDate "1997.01.16"]
[EventType "swiss"]
[EventRounds "6"]
[EventCountry "CAN"]

1. d4 d5 2. Nf3 Nf6 3. Bg5 e6 4. e3 c5 5. c3 Qb6 6. Qb3 Nc6 7. Nbd2 Bd6 8. Be2 Bd7 9. O-O Rc8 10. Rfe1 O-O 11. Bxf6 gxf6 12. Qxb6 axb6 13. e4 cxd4 14. exd5 exd5 15. cxd4 Nb4 16. Rad1 Rfe8 17. Bf1 Bf5 18. a3 Na6 19. Bb5 Re7 20. Rc1 Rce8 21. Rxe7 Rxe7 22. Ne1 Bd7 23. Rc2 Nc7 24. Bf1 Ne6 25. Nef3 Bf4 1-0

[Event "Vers La Maitrise"]
[Site "Montreal CAN"]
[Date "1997.01.30"]
[Round "3"]
[White "Rashev, Nick"]
[Black "Prahov, Valentin"]
[Result "1/2-1/2"]
[WhiteElo "1925"]
[BlackElo "2175"]
[PlyCount "81"]
[GameId "2160767911999456"]
[EventDate "1997.01.16"]
[EventType "swiss"]
[EventRounds "6"]
[EventCountry "CAN"]

1. d4 Nf6 2. Nf3 g6 3. c4 Bg7 4. g3 O-O 5. Bg2 c6 6. O-O d5 7. b3 Ne4 8. Bb2 a5 9. Nc3 Nxc3 10. Bxc3 h6 11. Rc1 a4 12. Qd2 axb3 13. axb3 Be6 14. c5 Kh7 15. Ra1 Rxa1 16. Rxa1 Na6 17. Ne1 Qd7 18. f4 Bh3 19. Nf3 Bxg2 20. Kxg2 Nc7 21. h3 Nb5 22. Bb2 Qf5 23. e3 Qe4 24. Kf2 f6 25. g4 Kg8 26. Kg3 Kf7 27. Ne1 h5 28. Qd3 hxg4 29. Qxe4 dxe4 30. hxg4 f5 31. g5 Rh8 32. Nc2 e6 33. Nb4 Ke7 34. Nc2 Kd7 35. Na3 Nxa3 36. Bxa3 Ra8 37. Bb2 Rxa1 38. Bxa1 Kc7 39. Bc3 b6 40. cxb6+ Kxb6 41. Bb4 1/2-1/2

[Event "Vers La Maitrise"]
[Site "Montreal CAN"]
[Date "1997.01.30"]
[Round "3"]
[White "Rouleau, Paul"]
[Black "Gladu, Pierre"]
[Result "1/2-1/2"]
[WhiteElo "1860"]
[BlackElo "2150"]
[PlyCount "113"]
[GameId "2160767911999457"]
[EventDate "1997.01.16"]
[EventType "swiss"]
[EventRounds "6"]
[EventCountry "CAN"]

1. e4 c5 2. c3 d6 3. d4 Nf6 4. Bd3 cxd4 5. cxd4 g6 6. Nf3 Bg7 7. O-O O-O 8. Nc3 Nc6 9. h3 e5 10. dxe5 dxe5 11. Bg5 Be6 12. Bb5 Nd4 13. Ba4 h6 14. Bh4 g5 15. Bg3 b5 16. Nxb5 Nxe4 17. Nbxd4 exd4 18. Be5 Bxe5 19. Nxe5 Qd6 20. Re1 Qxe5 21. f3 f5 22. fxe4 fxe4 23. Bc6 e3 24. Qd3 Bf5 25. Qc4+ Kh8 26. Bxa8 Rxa8 27. Qe2 Re8 28. Rad1 Qe4 29. Qa6 Bg6 30. Qf6+ Kh7 31. Rxd4 Qf5 32. Qxf5 Bxf5 33. g4 Bc8 34. Rd3 e2 35. Rd2 Ba6 36. Rd7+ Kg8 37. Rxa7 Bd3 38. Rd7 Bb5 39. Rd2 Re3 40. Kf2 Rxh3 41. Rexe2 Rh2+ 42. Kf3 Bxe2+ 43. Rxe2 Rh3+ 44. Kg2 Rd3 45. b3 Kf7 46. Rb2 Rd4 47. Kf3 Rd3+ 48. Ke4 Rg3 49. b4 Rxg4+ 50. Kf3 Rf4+ 51. Ke3 Ke6 52. b5 Kd7 53. a3 Kc7 54. Rh2 Kb6 55. Rxh6+ Kxb5 56. Rg6 Rh4 57. Rxg5+ 1/2-1/2

[Event "Vers La Maitrise"]
[Site "Montreal CAN"]
[Date "1997.01.30"]
[Round "3"]
[White "Tisseur, Daniel"]
[Black "Tremblay, Alain"]
[Result "1-0"]
[WhiteElo "1855"]
[BlackElo "1965"]
[PlyCount "157"]
[GameId "2160767911999458"]
[EventDate "1997.01.16"]
[EventType "swiss"]
[EventRounds "6"]
[EventCountry "CAN"]

1. e4 e6 2. d4 d5 3. Nc3 Nf6 4. Bg5 dxe4 5. Nxe4 Be7 6. Bxf6 Bxf6 7. Nf3 Nd7 8. Bd3 O-O 9. h4 Be7 10. Qd2 b6 11. Nfg5 h6 12. Qe3 Bb7 13. Qg3 Nf6 14. Nxf6+ Bxf6 15. c3 e5 16. dxe5 Bxe5 17. f4 Bd6 18. O-O-O Qf6 19. Rdf1 Rfe8 20. Nh7 Qe6 21. Re1 Qxa2 22. Nf6+ Kf8 23. Nh7+ Kg8 24. Nf6+ Kf8 25. Nxe8 Rxe8 26. Rxe8+ Kxe8 27. Re1+ Kf8 28. Qe3 Qa4 29. g3 Bd5 30. Bc2 Qb5 31. Qd4 Qd7 32. Qd3 Be6 33. Qh7 f5 34. Qg6 Bf7 35. Qh7 Be6 36. h5 a5 37. Qh8+ Kf7 38. Qh7 Kf8 39. Qg6 Bf7 40. Qh7 Be6 41. Rd1 Qf7 42. Re1 Qd7 43. Qh8+ Kf7 44. Qa8 Bc5 45. Qf3 Bd5 46. Qd3 Be6 47. Qf1 Kf6 48. Qh3 Kf7 49. Qg2 Bd6 50. Qf2 Bc5 51. Qf3 Bd6 52. g4 fxg4 53. Qe4 Ba2 54. Ba4 b5 55. Bc2 Qe6 56. Qxe6+ Bxe6 57. f5 Bd5 58. Be4 Bxe4 59. Rxe4 g3 60. Rg4 Kf6 61. Kd2 Be5 62. Ke3 Kxf5 63. Rg6 Bf6 64. Kf3 Be5 65. Ra6 a4 66. Ra5 c6 67. Ra6 Bf6 68. Kxg3 Ke4 69. Rxc6 Kd3 70. Rb6 Kc4 71. Rb7 a3 72. bxa3 Bxc3 73. Rc7+ Kb3 74. Rb7 Kxa3 75. Rxb5 Ka4 76. Rb7 Bf6 77. Kg4 Ka3 78. Kf5 Ka4 79. Kg6 1-0

[Event "Vers La Maitrise"]
[Site "Montreal CAN"]
[Date "1997.02.06"]
[Round "4"]
[White "Abouchakra, Khaled"]
[Black "Plante, Michel"]
[Result "0-1"]
[WhiteElo "1850"]
[BlackElo "1880"]
[PlyCount "56"]
[GameId "2160767911999459"]
[EventDate "1997.01.16"]
[EventType "swiss"]
[EventRounds "6"]
[EventCountry "CAN"]

1. e4 g6 2. d4 Bg7 3. Nc3 c6 4. f4 d5 5. e5 h5 6. Nf3 Bg4 7. Bd3 e6 8. h3 Bxf3 9. Qxf3 h4 10. Be3 Nh6 11. O-O-O Nd7 12. g4 hxg3 13. Qxg3 Bf8 14. Bxg6 Rg8 15. Bxf7+ Kxf7 16. Qf3 Nf5 17. Qh5+ Ke7 18. Bf2 Nb6 19. Rhg1 Rxg1 20. Rxg1 Kd7 21. Rg8 Qe7 22. Rh8 Bg7 23. Rh7 Rf8 24. Nd1 Qf7 25. Qg5 Rh8 26. Bh4 Qg8 27. Rxh8 Qxh8 28. Bf2 Qxh3 0-1

[Event "Vers La Maitrise"]
[Site "Montreal CAN"]
[Date "1997.02.06"]
[Round "4"]
[White "Balogh, Alex"]
[Black "Girard, Robin"]
[Result "0-1"]
[WhiteElo "1935"]
[BlackElo "2300"]
[PlyCount "138"]
[GameId "2160767911999460"]
[EventDate "1997.01.16"]
[EventType "swiss"]
[EventRounds "6"]
[EventCountry "CAN"]

1. d4 Nf6 2. c4 g6 3. Nc3 Bg7 4. e4 d6 5. f3 O-O 6. Be3 e5 7. d5 Nh5 8. Qd2 f5 9. exf5 gxf5 10. O-O-O Nd7 11. Bd3 Ndf6 12. Bg5 Qe8 13. Nge2 e4 14. Bc2 a6 15. Ng3 b5 16. Rde1 bxc4 17. fxe4 f4 18. e5 dxe5 19. Nge4 Rb8 20. Qe2 Ng4 21. Qxc4 Ne3 22. Rxe3 fxe3 23. Bxe3 Nf4 24. g3 Ng6 25. d6+ Be6 26. Qxc7 Rf7 27. Qa5 Qc6 28. Rd1 Bg4 29. Bb3 Rxb3 30. axb3 Bxd1 31. Kxd1 Bf8 32. Qc5 Qd7 33. Qd5 Kg7 34. h4 Rf3 35. Bg5 h6 36. Bd2 Rf5 37. g4 Rf1+ 38. Ke2 Rf4 39. h5 Qxg4+ 40. Kd3 Qxh5 41. d7 Be7 42. d8=Q Bxd8 43. Qxd8 Rf7 44. Qd6 Qf5 45. Qc6 h5 46. Kc4 Rd7 47. Be3 Qf7+ 48. Nd5 Qf1+ 49. Kc3 Qf7 50. Qf6+ Qxf6 51. Nexf6 Rb7 52. Nxh5+ Kf7 53. Nhf6 Ke6 54. Kc4 Kf5 55. Bc5 Nf4 56. b4 e4 57. Ne8 Rd7 58. Nd6+ Ke5 59. Nxf4 Kxf4 60. Kd5 e3 61. Kc6 e2 62. Bf2 Rh7 63. Be1 Ke3 64. Bc3 Rh6 65. Kc5 Rh5+ 66. Kc6 Rh1 67. Kb6 Rc1 68. Nc4+ Kd3 69. Kxa6 Rxc3 0-1

[Event "Vers La Maitrise"]
[Site "Montreal CAN"]
[Date "1997.02.06"]
[Round "4"]
[White "Bergeron, Marc"]
[Black "Deschamps, Felix"]
[Result "1-0"]
[WhiteElo "2010"]
[BlackElo "1900"]
[PlyCount "57"]
[GameId "2160767911999461"]
[EventDate "1997.01.16"]
[EventType "swiss"]
[EventRounds "6"]
[EventCountry "CAN"]

1. c4 e6 2. Nf3 d5 3. b3 Nf6 4. g3 Be7 5. Bb2 O-O 6. Bg2 c5 7. e3 Nc6 8. O-O b6 9. cxd5 exd5 10. d4 Bb7 11. Nc3 Rc8 12. Ne5 cxd4 13. exd4 Re8 14. a3 Bf8 15. Re1 h5 16. Ne2 Ne7 17. Nf4 g6 18. Bh3 Rc7 19. Nxf7 Kxf7 20. Ne6 Qd6 21. Bc1 Rxc1 22. Rxc1 Nc6 23. Ng5+ Kg7 24. Rxe8 Nxe8 25. Ne6+ Kh7 26. Qf3 Kg8 27. Nxf8 Qxf8 28. Qxd5+ Kh8 29. Rxc6 1-0

[Event "Vers La Maitrise"]
[Site "Montreal CAN"]
[Date "1997.02.06"]
[Round "4"]
[White "Chabot, Jean-Francois"]
[Black "Fillion, Steve"]
[Result "0-1"]
[WhiteElo "1890"]
[BlackElo "2155"]
[PlyCount "52"]
[GameId "2160767911999462"]
[EventDate "1997.01.16"]
[EventType "swiss"]
[EventRounds "6"]
[EventCountry "CAN"]

1. d4 d5 2. c4 c6 3. Nc3 Nf6 4. Bg5 e6 5. cxd5 cxd5 6. e3 Nc6 7. Nf3 Be7 8. Bd3 O-O 9. Rc1 b6 10. O-O Bb7 11. Ne1 Na5 12. f4 Nc4 13. Rf3 Nxb2 14. Qe2 Nxd3 15. Qxd3 Ne4 16. Bxe7 Qxe7 17. Qe2 Rac8 18. Qb2 Qc7 19. Ne2 Qd6 20. Nd3 Ba6 21. Ne5 f6 22. Ng4 h5 23. Nf2 Bxe2 24. Rxc8 Rxc8 25. Nxe4 dxe4 26. Rg3 Bd3 0-1

[Event "Vers La Maitrise"]
[Site "Montreal CAN"]
[Date "1997.02.06"]
[Round "4"]
[White "Gladu, Pierre"]
[Black "Gardner, Robert"]
[Result "1-0"]
[WhiteElo "2150"]
[BlackElo "2075"]
[PlyCount "95"]
[GameId "2160767911999463"]
[EventDate "1997.01.16"]
[EventType "swiss"]
[EventRounds "6"]
[EventCountry "CAN"]

1. e4 c5 2. Nf3 Nc6 3. d4 cxd4 4. Nxd4 e5 5. Nb5 d6 6. c4 Be7 7. N1c3 a6 8. Na3 Be6 9. Be2 Bg5 10. O-O h6 11. Bg4 Nf6 12. Bxe6 fxe6 13. Nc2 Bxc1 14. Rxc1 O-O 15. Qd3 Qe7 16. Rcd1 Rad8 17. Qh3 b5 18. Qd3 b4 19. Ne2 Nh5 20. g3 a5 21. f3 Nf6 22. Ne3 Nh7 23. b3 Ng5 24. Kg2 Qf7 25. f4 exf4 26. gxf4 Nh7 27. Kh1 Nf6 28. Rg1 Qb7 29. Ng3 Nb8 30. f5 Na6 31. fxe6 Nc5 32. Qe2 Nxe6 33. Nd5 Ng5 34. Nf5 Nfxe4 35. Nfe7+ Kh7 36. Rxg5 Nxg5 37. Qd3+ Kh8 38. Rg1 Rf6 39. h4 Ne6 40. Qe4 Nf8 41. Nxf6 Qxe4+ 42. Nxe4 Re8 43. Rf1 Nd7 44. Rf7 Ne5 45. Nxd6 Ra8 46. Rf5 Nd3 47. h5 Nc1 48. c5 1-0

[Event "Vers La Maitrise"]
[Site "Montreal CAN"]
[Date "1997.02.06"]
[Round "4"]
[White "Gravel, Simon M"]
[Black "Rashev, Nick"]
[Result "0-1"]
[WhiteElo "1825"]
[BlackElo "1925"]
[PlyCount "92"]
[GameId "2160767911999464"]
[EventDate "1997.01.16"]
[EventType "swiss"]
[EventRounds "6"]
[EventCountry "CAN"]

1. d4 c5 2. d5 Nf6 3. c4 b5 4. cxb5 a6 5. e3 axb5 6. Bxb5 Qa5+ 7. Nc3 Bb7 8. Bd2 Qb6 9. Qb3 e6 10. e4 Nxe4 11. Nxe4 Bxd5 12. Qd3 Qb7 13. f3 c4 14. Bxc4 Bxc4 15. Qxc4 d5 16. Qc2 dxe4 17. fxe4 Nd7 18. Nf3 Bc5 19. Bc3 O-O 20. a3 Rfc8 21. Rd1 Bb6 22. Qe2 Nc5 23. Bd4 Rd8 24. b4 Nxe4 25. Bxb6 Rxd1+ 26. Qxd1 Qxb6 27. Qe2 Rxa3 28. Qxe4 Re3+ 29. Qxe3 Qxe3+ 30. Kf1 Qc1+ 31. Ne1 Qc4+ 32. Kf2 Qxb4 33. Nf3 Qc5+ 34. Kg3 Qd6+ 35. Kf2 h6 36. Re1 f6 37. h3 Kf7 38. Re4 Qc6 39. Re3 e5 40. Rxe5 Qxf3+ 41. gxf3 fxe5 42. h4 Kg6 43. Kg3 Kh5 44. Kh3 g5 45. hxg5 Kxg5 46. Kg3 h5 0-1

[Event "Vers La Maitrise"]
[Site "Montreal CAN"]
[Date "1997.02.06"]
[Round "4"]
[White "Grondin, Jean-Philippe"]
[Black "Tisseur, Daniel"]
[Result "0-1"]
[WhiteElo "2040"]
[BlackElo "1855"]
[PlyCount "78"]
[GameId "2160767911999465"]
[EventDate "1997.01.16"]
[EventType "swiss"]
[EventRounds "6"]
[EventCountry "CAN"]

1. e4 c5 2. Nf3 Nc6 3. d4 cxd4 4. Nxd4 g6 5. Nc3 Bg7 6. Be3 Nf6 7. Bc4 Qa5 8. O-O O-O 9. Bb3 d6 10. f3 a6 11. Kh1 Qc7 12. a4 Na5 13. Qe2 Nxb3 14. cxb3 e5 15. Nc2 Be6 16. Ra3 d5 17. exd5 Nxd5 18. Nxd5 Bxd5 19. Nb4 Be6 20. Rc1 Qe7 21. Bc5 Rfc8 22. Nd3 Qg5 23. b4 Bf5 24. Re1 Rd8 25. a5 Bxd3 26. Rxd3 Rxd3 27. Qxd3 Rd8 28. Qe4 Qd2 29. Rb1 Bf8 30. Qxe5 Rd5 31. Qe8 Rd8 32. Qe1 Qc2 33. Qg1 Bxc5 34. bxc5 Rd2 35. Rc1 Qxb2 36. c6 Rxg2 37. Qf1 Rxh2+ 38. Kg1 Rg2+ 39. Kh1 Rf2 0-1

[Event "Vers La Maitrise"]
[Site "Montreal CAN"]
[Date "1997.02.06"]
[Round "4"]
[White "Tremblay, Alain"]
[Black "Lalonde, Paul"]
[Result "1-0"]
[WhiteElo "1965"]
[BlackElo "1830"]
[PlyCount "128"]
[GameId "2160767911999468"]
[EventDate "1997.01.16"]
[EventType "swiss"]
[EventRounds "6"]
[EventCountry "CAN"]

1. e4 e5 2. Nf3 Nc6 3. Bb5 a6 4. Ba4 f5 5. d3 d6 6. Nc3 Nf6 7. O-O Be7 8. Re1 fxe4 9. dxe4 Bg4 10. Qd3 Nd7 11. Be3 Bxf3 12. gxf3 O-O 13. Qe2 Bg5 14. Nd5 Bxe3 15. fxe3 Nc5 16. Bb3 Nxb3 17. axb3 Ne7 18. Nc3 Ng6 19. Rf1 Qh4 20. Rf2 Rf7 21. Rg2 Raf8 22. Rf1 Qh5 23. Rg3 Nh4 24. f4 Qxe2 25. Nxe2 exf4 26. exf4 Re8 27. Nc3 Ng6 28. f5 Ne5 29. Rg2 Nc6 30. Rd1 b5 31. Re2 Ne7 32. b4 Nc6 33. Nd5 Ne5 34. Ra1 Nf3+ 35. Kg2 Nh4+ 36. Kh1 Nxf5 37. Rxa6 Nd4 38. Rd2 Rxe4 39. Ra8+ Rf8 40. Rxf8+ Kxf8 41. Nxc7 Ke7 42. c3 Kd7 43. Nd5 Kc6 44. Rxd4 Rxd4 45. Ne7+ Kd7 46. cxd4 Kxe7 47. Kg2 Ke6 48. Kf3 Kd5 49. Ke3 Kc4 50. Ke4 g5 51. b3+ Kc3 52. Kd5 h5 53. Kxd6 Kxd4 54. Kc6 g4 55. Kxb5 h4 56. Ka6 g3 57. hxg3 hxg3 58. b5 g2 59. b6 g1=Q 60. b7 Qg3 61. Ka7 Qc7 62. b4 Qd7 63. b5 Kc5 64. Ka8 Qd5 1-0

[Event "Vers La Maitrise"]
[Site "Montreal CAN"]
[Date "1997.02.13"]
[Round "5"]
[White "Chabot, Jean-Francois"]
[Black "Grondin, Jean-Philippe"]
[Result "0-1"]
[WhiteElo "1890"]
[BlackElo "2040"]
[PlyCount "66"]
[GameId "2160767911999469"]
[EventDate "1997.01.16"]
[EventType "swiss"]
[EventRounds "6"]
[EventCountry "CAN"]

1. d4 Nf6 2. Nf3 e6 3. c4 d5 4. Bg5 h6 5. Bxf6 Qxf6 6. e3 Bb4+ 7. Nc3 O-O 8. Qb3 c5 9. cxd5 exd5 10. Be2 Nc6 11. O-O c4 12. Qc2 Bf5 13. Qa4 Bxc3 14. bxc3 a6 15. a3 Qe7 16. Rfc1 Qc7 17. Nd2 Na5 18. Bf3 Rfd8 19. Ra2 b5 20. Qb4 Rab8 21. Re1 Bd3 22. Rb2 Nb7 23. Ra2 Na5 24. Rb2 Rbc8 25. Ra2 Nb3 26. e4 Nxd2 27. Rxd2 dxe4 28. Bxe4 Qf4 29. Rxd3 cxd3 30. Bxd3 Qd2 31. Re3 Re8 32. c4 Qc1+ 33. Bf1 Rxe3 0-1

[Event "Vers La Maitrise"]
[Site "Montreal CAN"]
[Date "1997.02.13"]
[Round "5"]
[White "Deschamps, Felix"]
[Black "Gravel, Simon M"]
[Result "1/2-1/2"]
[WhiteElo "1900"]
[BlackElo "1825"]
[PlyCount "100"]
[GameId "2160767911999470"]
[EventDate "1997.01.16"]
[EventType "swiss"]
[EventRounds "6"]
[EventCountry "CAN"]

1. e4 e6 2. d4 d5 3. Nd2 c5 4. exd5 Qxd5 5. Ngf3 cxd4 6. Bc4 Qd6 7. O-O Nf6 8. Nb3 Nc6 9. Nbxd4 Nxd4 10. Nxd4 a6 11. Re1 Qc7 12. Qe2 Bd6 13. Nf3 b5 14. Bd3 Bb7 15. a4 O-O 16. Bg5 b4 17. Ne5 Bxe5 18. Qxe5 Qxe5 19. Rxe5 Nd5 20. Bd2 Rfd8 21. a5 b3 22. cxb3 Nf6 23. Re3 Ng4 24. Rh3 Nf6 25. Bc3 Be4 26. Bc4 Rd7 27. Re1 Bg6 28. Rhe3 Nd5 29. R3e2 Nf4 30. Rd2 Rxd2 31. Bxd2 Nd3 32. Ra1 Nxb2 33. Be2 Nd3 34. h4 Nc5 35. Bd1 Bd3 36. Rc1 Ne4 37. Be1 Rd8 38. f3 Nf6 39. Kf2 Kf8 40. Bb4+ Ke8 41. Bc5 Bb5 42. Ke1 Nd5 43. g3 Ne7 44. Bc2 Bd3 45. Bxe7 Kxe7 46. Bxd3 Rxd3 47. Ke2 Rxb3 48. Rc6 Ra3 49. Rxa6 h5 50. Ra8 Kf6 1/2-1/2

[Event "Vers La Maitrise"]
[Site "Montreal CAN"]
[Date "1997.02.13"]
[Round "5"]
[White "Fillion, Steve"]
[Black "Rashev, Nick"]
[Result "0-1"]
[WhiteElo "2155"]
[BlackElo "1935"]
[PlyCount "80"]
[GameId "2160767911999471"]
[EventDate "1997.01.16"]
[EventType "swiss"]
[EventRounds "6"]
[EventCountry "CAN"]

1. d4 Nf6 2. Nf3 c5 3. e3 g6 4. c4 Bg7 5. Nc3 O-O 6. Be2 cxd4 7. exd4 d5 8. O-O Nc6 9. h3 Bf5 10. Be3 dxc4 11. Bxc4 Rc8 12. Be2 Be6 13. Qd2 Qa5 14. Rfd1 Rfd8 15. Bh6 Bh8 16. Rac1 a6 17. Qf4 Nd5 18. Qh4 f6 19. Ne4 Bf7 20. Nc5 Qb4 21. a3 Qxb2 22. Bf1 Nc3 23. Rd3 Ne2+ 24. Bxe2 Qxe2 25. Rd2 Qb5 26. Qe4 f5 27. Qe3 e5 28. dxe5 Rxd2 29. Qxd2 Nxe5 30. Nxe5 Bxe5 31. Nd3 Rd8 32. Nxe5 Rxd2 33. Rc8+ Be8 34. Bxd2 Qxe5 35. Bc3 Qe6 36. Rc7 Bd7 37. Rxb7 Qc6 38. Rb8+ Kf7 39. Bb4 Qc1+ 40. Kh2 Qf4+ 0-1

[Event "Vers La Maitrise"]
[Site "Montreal CAN"]
[Date "1997.02.13"]
[Round "5"]
[White "Gardner, Robert"]
[Black "Rouleau, Paul"]
[Result "1-0"]
[WhiteElo "2075"]
[BlackElo "1860"]
[PlyCount "67"]
[GameId "2160767911999472"]
[EventDate "1997.01.16"]
[EventType "swiss"]
[EventRounds "6"]
[EventCountry "CAN"]

1. e4 e5 2. Bc4 Nf6 3. d3 c6 4. Nf3 d5 5. exd5 cxd5 6. Bb3 Bd6 7. Nc3 Be6 8. Ng5 O-O 9. Nxe6 fxe6 10. O-O Qe8 11. Qd2 Nc6 12. Ne2 Ng4 13. Qg5 h5 14. Ng3 Be7 15. Qxh5 Qxh5 16. Nxh5 Nxf2 17. Re1 Ng4 18. h3 Bc5+ 19. Kh1 Bf2 20. Rf1 Ne3 21. Rxf2 Rxf2 22. Bxe3 Re2 23. Bg1 Nd4 24. Bxd4 exd4 25. Nf4 Re5 26. Nxe6 Re8 27. Nxd4 Re1+ 28. Rxe1 Rxe1+ 29. Kh2 Rb1 30. Bxd5+ Kf8 31. Bxb7 Rxb2 32. Bd5 Ke7 33. Bb3 Kd7 34. Nf5 1-0

[Event "Vers La Maitrise"]
[Site "Montreal CAN"]
[Date "1997.02.13"]
[Round "5"]
[White "Girard, Robin"]
[Black "Tisseur, Daniel"]
[Result "1-0"]
[WhiteElo "2300"]
[BlackElo "1855"]
[PlyCount "69"]
[GameId "2160767911999473"]
[EventDate "1997.01.16"]
[EventType "swiss"]
[EventRounds "6"]
[EventCountry "CAN"]

1. e4 c5 2. Nf3 Nc6 3. d4 cxd4 4. Nxd4 g6 5. Nc3 Bg7 6. Be3 Nf6 7. Be2 O-O 8. Nb3 b5 9. Bxb5 Ne5 10. Be2 d6 11. h3 Bb7 12. f4 Ned7 13. Bf3 Nb6 14. Qd3 d5 15. e5 Ne4 16. Nxe4 dxe4 17. Bxe4 Qxd3 18. cxd3 Bxe4 19. dxe4 Rac8 20. Bxb6 axb6 21. Rc1 Rxc1+ 22. Nxc1 Rc8 23. Kd2 f6 24. exf6 Bxf6 25. e5 Bh4 26. Nd3 Rd8 27. Ke3 e6 28. g4 Be7 29. Rc1 g5 30. f5 exf5 31. gxf5 Ra8 32. a3 Ra4 33. f6 Bf8 34. e6 g4 35. Rc8 1-0

[Event "Vers La Maitrise"]
[Site "Montreal CAN"]
[Date "1997.02.13"]
[Round "5"]
[White "Gladu, Pierre"]
[Black "Balogh, Alex"]
[Result "1-0"]
[WhiteElo "2150"]
[BlackElo "1935"]
[PlyCount "43"]
[GameId "2160767911999474"]
[EventDate "1997.01.16"]
[EventType "swiss"]
[EventRounds "6"]
[EventCountry "CAN"]

1. e4 c5 2. Nf3 Nc6 3. d4 cxd4 4. Nxd4 Nf6 5. Nc3 d6 6. Bg5 e6 7. Qd2 a6 8. O-O-O h6 9. Bf4 Bd7 10. Nxc6 Bxc6 11. Qe1 d5 12. exd5 Bxd5 13. Nxd5 Nxd5 14. c4 Qf6 15. Bd2 Rc8 16. Kb1 Nb6 17. Bc3 Qg6+ 18. Bd3 Qg5 19. f4 Qxf4 20. Rf1 Qxh2 21. Qxe6+ fxe6 22. Bg6+ 1-0

[Event "Vers La Maitrise"]
[Site "Montreal CAN"]
[Date "1997.02.13"]
[Round "5"]
[White "Plante, Michel"]
[Black "Bergeron, Marc"]
[Result "0-1"]
[WhiteElo "1880"]
[BlackElo "2010"]
[PlyCount "60"]
[GameId "2160767911999476"]
[EventDate "1997.01.16"]
[EventType "swiss"]
[EventRounds "6"]
[EventCountry "CAN"]

1. d4 Nf6 2. Nf3 g6 3. Bg5 Bg7 4. Nbd2 d6 5. e4 O-O 6. Be2 Nbd7 7. c3 h6 8. Bh4 Qe8 9. Qc2 e5 10. dxe5 dxe5 11. O-O-O Nh5 12. Rhe1 f5 13. exf5 gxf5 14. g3 e4 15. Nf1 Kh8 16. Nd4 Ne5 17. f4 Nc6 18. Nb5 Qf7 19. Nxc7 Qxc7 20. Bxh5 Be6 21. Re2 Rfc8 22. Kb1 Qa5 23. a3 Qb5 24. Red2 Bb3 25. Qc1 Bc4 26. Ne3 Bd3+ 27. Rxd3 exd3 28. Qd2 Qb3 29. Qxd3 Nb4 30. axb4 Rxc3 0-1

[Event "Vers La Maitrise"]
[Site "Montreal CAN"]
[Date "1997.02.13"]
[Round "5"]
[White "Tremblay, Alain"]
[Black "Abouchakra, Khaled"]
[Result "1-0"]
[WhiteElo "1965"]
[BlackElo "1850"]
[PlyCount "131"]
[GameId "2160767911999477"]
[EventDate "1997.01.16"]
[EventType "swiss"]
[EventRounds "6"]
[EventCountry "CAN"]

1. d4 e6 2. Nf3 f5 3. g3 Nf6 4. Bg2 Be7 5. O-O O-O 6. c4 d5 7. b3 Ne4 8. Ba3 Bxa3 9. Nxa3 Nd7 10. e3 g5 11. Nc2 c6 12. Nb4 Ndf6 13. Nd3 Bd7 14. Nfe5 Be8 15. Qc2 g4 16. Rac1 Ng5 17. Nf4 Bd7 18. Rfd1 Rc8 19. Qb2 Nf7 20. Ned3 Kg7 21. Ne5 Rh8 22. Rc2 h5 23. Neg6 Rh6 24. Nh4 Ng5 25. Qa3 a6 26. Qd6 Qf8 27. Qxf8+ Rxf8 28. Rdc1 Nfe4 29. cxd5 exd5 30. Nd3 Nf7 31. a4 Re8 32. Nf4 Re7 33. Bf1 Nfg5 34. Bg2 Kf6 35. Nd3 Nf7 36. Nf4 Nh8 37. Bf1 Be8 38. b4 Ng6 39. Nhxg6 Bxg6 40. b5 axb5 41. axb5 Be8 42. Ra1 Kg5 43. Ra8 h4 44. bxc6 bxc6 45. Nd3 hxg3 46. fxg3 Nd6 47. Ne5 Rc7 48. Bd3 Re6 49. Ra5 Rce7 50. Rac5 Nf7 51. Nxf7+ Bxf7 52. Kf2 Be8 53. Bb5 Rc7 54. Ba4 Rce7 55. R2c3 Rh6 56. Kg2 Reh7 57. h4+ gxh3+ 58. Kh2 Ra7 59. Bd1 Ra1 60. Bf3 Rf1 61. e4 fxe4 62. Bxe4 Rf2+ 63. Kg1 Re2 64. Bxd5 h2+ 65. Kf1 h1=Q+ 66. Bxh1+ 1-0

[Event "Vers La Maitrise"]
[Site "Montreal CAN"]
[Date "1997.02.20"]
[Round "6"]
[White "Balogh, Alex"]
[Black "Plante, Michel"]
[Result "1-0"]
[WhiteElo "1935"]
[BlackElo "1880"]
[PlyCount "69"]
[GameId "2160767911999478"]
[EventDate "1997.01.16"]
[EventType "swiss"]
[EventRounds "6"]
[EventCountry "CAN"]

1. d4 Nf6 2. c4 e6 3. Nc3 Bb4 4. Qc2 c5 5. dxc5 Na6 6. a3 Bxc3+ 7. Qxc3 Nxc5 8. f3 a5 9. Bg5 O-O 10. Nh3 a4 11. O-O-O h6 12. Bf4 Qa5 13. Qxa5 Rxa5 14. Bd6 Nb3+ 15. Kb1 Re8 16. e4 e5 17. Bb4 Ra8 18. Bc3 Re6 19. Nf2 Ne8 20. Ng4 f6 21. Ne3 Rc6 22. Nd5 Kf7 23. Bb4 d6 24. Nc3 Be6 25. Nd5 Rac8 26. Bd3 Nd4 27. Bc3 Nb3 28. Bc2 Nc7 29. Bd3 Na6 30. Bc2 Nbc5 31. Rhe1 Nb3 32. Re3 Nac5 33. g3 Na6 34. f4 exf4 35. gxf4 1-0

[Event "Vers La Maitrise"]
[Site "Montreal CAN"]
[Date "1997.02.20"]
[Round "6"]
[White "Deschamps, Felix"]
[Black "Tremblay, Alain"]
[Result "1/2-1/2"]
[WhiteElo "1900"]
[BlackElo "1965"]
[PlyCount "25"]
[GameId "2160767911999479"]
[EventDate "1997.01.16"]
[EventType "swiss"]
[EventRounds "6"]
[EventCountry "CAN"]

1. e4 c5 2. c3 e5 3. Nf3 Nc6 4. d4 cxd4 5. cxd4 exd4 6. Nxd4 Nf6 7. Nc3 Bb4 8. Nxc6 bxc6 9. Bd3 d5 10. exd5 Qe7+ 11. Qe2 Qxe2+ 12. Bxe2 Nxd5 13. Bd2 1/2-1/2

[Event "Vers La Maitrise"]
[Site "Montreal CAN"]
[Date "1997.02.20"]
[Round "6"]
[White "Fillion, Robert"]
[Black "Rouleau, Paul"]
[Result "0-1"]
[WhiteElo "1765"]
[BlackElo "1860"]
[PlyCount "74"]
[GameId "2160767911999480"]
[EventDate "1997.01.16"]
[EventType "swiss"]
[EventRounds "6"]
[EventCountry "CAN"]

1. c4 Nf6 2. Nc3 c5 3. e4 Nc6 4. g3 e6 5. Bg2 Be7 6. Nge2 a6 7. O-O d6 8. Rb1 Rb8 9. d3 Bd7 10. h3 b5 11. b3 O-O 12. Be3 Qc8 13. Kh2 Ne8 14. f4 b4 15. Na4 Nd8 16. d4 cxd4 17. Qxd4 e5 18. fxe5 Bxa4 19. bxa4 Nc6 20. Qd2 dxe5 21. c5 Nc7 22. Nc1 Ne6 23. Qf2 Ncd4 24. Nb3 Qd7 25. Rbd1 Qxa4 26. Nxd4 exd4 27. Bxd4 Nxd4 28. Qxd4 Rbd8 29. Qa1 Bxc5 30. Rd5 Rxd5 31. exd5 Bd6 32. Qb1 Qb5 33. Qf5 a5 34. Be4 g6 35. Qf3 Qc4 36. Rf2 Bc5 37. Rc2 Qd4 0-1

[Event "Vers La Maitrise"]
[Site "Montreal CAN"]
[Date "1997.02.20"]
[Round "6"]
[White "Gravel, Simon M"]
[Black "Abouchakra, Khaled"]
[Result "0-1"]
[WhiteElo "1825"]
[BlackElo "1850"]
[PlyCount "100"]
[GameId "2160767911999481"]
[EventDate "1997.01.16"]
[EventType "swiss"]
[EventRounds "6"]
[EventCountry "CAN"]

1. d4 e6 2. c4 f5 3. Nc3 Nf6 4. g3 d5 5. Bg2 c6 6. c5 Ne4 7. Qc2 Be7 8. Bf4 Nd7 9. h4 e5 10. Bxe5 Nxe5 11. dxe5 Qa5 12. Bxe4 fxe4 13. f3 d4 14. Qa4 Qxa4 15. Nxa4 e3 16. Rd1 b5 17. cxb6 c5 18. Rc1 axb6 19. Nxb6 Rb8 20. Nxc8 Rxc8 21. b3 Kd7 22. Nh3 Ke6 23. f4 h6 24. O-O Ra8 25. Rc2 Ra3 26. Rb1 Rha8 27. Rbb2 Kf5 28. Kg2 Kg4 29. h5 Rf8 30. Ng1 Rf5 31. Nf3 Kxh5 32. b4 Rc3 33. b5 Rxc2 34. Rxc2 g5 35. fxg5 hxg5 36. g4+ Kxg4 37. b6 Rf8 38. a4 Kf4 39. b7 Rb8 40. Rb2 g4 41. Nh2 c4 42. a5 c3 43. Rb1 Bc5 44. a6 Ba7 45. e6 Re8 46. e7 d3 47. exd3 e2 48. d4 Rxe7 49. Nxg4 e1=Q 50. Rxe1 Rxe1 0-1